000 00495nam a2200181Ia 4500
003 GCL
008 140319s9999 xx 000 0 ara d
040 _aGCL /
_cGCL
082 0 4 _a811.082
_bه ل
100 1 _aهاشم السبتى
245 1 0 _aليالى الالم /
_cهاشم السبتى
260 _a[S.N] :
_bدار سعاد الصباح ،
_c1992
300 _a93 ص
490 _a
650 0 4 _aالشعر العربى
650 0 4 _aالشعر العباسى
942 _2ddc
_cBK
999 _c53981
_d53981